| 000 | 00457nam a2200193Ia 4500 | ||
|---|---|---|---|
| 008 | 170918s9999 xx 000 0 und d | ||
| 020 | _a439153999 | ||
| 050 | _bB878 1998 | ||
| 100 | _aBrown, Laurie | ||
| 245 | _aHow to be a friend / | ||
| 245 | _cLaurie Brown and Mark Brown. | ||
| 260 | _aNew York : | ||
| 260 | _bScholastic, | ||
| 260 | _c1998 | ||
| 300 | _aunpaged : | ||
| 300 | _bcolored illustration ; | ||
| 300 | _c23cm. | ||
| 500 | _a140 | ||
| 999 |
_c342605 _d342605 |
||